<?xml version="1.0" encoding="UTF-8"?><?xml-stylesheet type="text/xsl" href="static/style.xsl"?><OAI-PMH xmlns="http://www.openarchives.org/OAI/2.0/" xmlns:xsi="http://www.w3.org/2001/XMLSchema-instance" xsi:schemaLocation="http://www.openarchives.org/OAI/2.0/ http://www.openarchives.org/OAI/2.0/OAI-PMH.xsd"><responseDate>2026-04-26T23:19:39Z</responseDate><request verb="GetRecord" identifier="oai:repisalud.isciii.es:20.500.12105/23765" metadataPrefix="marc">https://repisalud.isciii.es/rest/oai/request</request><GetRecord><record><header><identifier>oai:repisalud.isciii.es:20.500.12105/23765</identifier><datestamp>2024-11-29T02:06:30Z</datestamp><setSpec>com_20.500.12105_15322</setSpec><setSpec>com_20.500.12105_2051</setSpec><setSpec>col_20.500.12105_16967</setSpec></header><metadata><record xmlns="http://www.loc.gov/MARC21/slim" xmlns:dcterms="http://purl.org/dc/terms/" xmlns:doc="http://www.lyncode.com/xoai" xmlns:xsi="http://www.w3.org/2001/XMLSchema-instance" xsi:schemaLocation="http://www.loc.gov/MARC21/slim http://www.loc.gov/standards/marcxml/schema/MARC21slim.xsd">
   <leader>00925njm 22002777a 4500</leader>
   <datafield ind2=" " ind1=" " tag="042">
      <subfield code="a">dc</subfield>
   </datafield>
   <datafield ind2=" " ind1=" " tag="720">
      <subfield code="a">Grases, Gloria</subfield>
      <subfield code="e">author</subfield>
   </datafield>
   <datafield ind2=" " ind1=" " tag="720">
      <subfield code="a">Colom, Maria Antonia</subfield>
      <subfield code="e">author</subfield>
   </datafield>
   <datafield ind2=" " ind1=" " tag="720">
      <subfield code="a">Sanchis, Pilar</subfield>
      <subfield code="e">author</subfield>
   </datafield>
   <datafield ind2=" " ind1=" " tag="720">
      <subfield code="a">Grases, Felix</subfield>
      <subfield code="e">author</subfield>
   </datafield>
   <datafield ind2=" " ind1=" " tag="260">
      <subfield code="c">2023</subfield>
   </datafield>
   <datafield ind2=" " ind1=" " tag="520">
      <subfield code="a">Introduction: Previous studies have used different individual scales to examine the relationship of depression with emotional intelligence, empathy, and immune-based diseases. In this study, we used a combination of psychometric scales to examine the relationships of depression with emotional intelligence (intrapersonal and interpersonal), empathy (affective and cognitive), and symptoms of weakened immune system. Methods: This cross-sectional prospective study examined 158 volunteers (39 males and 119 females). A score of 10 or more on the Beck Depression Inventory-II (BDI-II) was used to define depression. The Cognitive and Affective Empathy Test (TECA) was used to assess empathy, and the Profile of Emotional Competence (PEC) was used to assess the self-perception of intrapersonal and interpersonal competence. The symptoms of a weakened immune system (WIS) were assessed by measurements of permanent tiredness, frequent infections and colds, slow wound healing, persistent and recurrent diarrhea, recurring herpes, insomnia and difficulty sleeping, and dry eyes. Results: The total PEC score and intrapersonal PEC score had negative correlations with depression, and the WIS score had a positive correlation with depression. The TECA score had no significant correlation with depression or the WIS score, but had positive correlations with the total PEC score, intrapersonal PEC score, and interpersonal PEC score. Conclusion: The total PEC score, intrapersonal PEC score, and WIS score were significantly associated with depression. The TECA score was not significantly associated with depression or the WIS score. Our findings suggest that improving intrapersonal emotional skills may improve function of the immune system and reduce the symptoms of depression. We suggest that further studies examine the effect of targeted improvement of interpersonal skills (empathy) on depression.</subfield>
   </datafield>
   <datafield ind1="8" ind2=" " tag="024">
      <subfield code="a">Grases G, Colom MA, Sanchis P, Grases F. Relationship of depression with empathy, emotional intelligence, and symptoms of a weakened immune system. Front Psychol. 2023 Oct 27;14.</subfield>
   </datafield>
   <datafield ind1="8" ind2=" " tag="024">
      <subfield code="a">1664-1078</subfield>
   </datafield>
   <datafield ind1="8" ind2=" " tag="024">
      <subfield code="a">https://hdl.handle.net/20.500.13003/19986</subfield>
   </datafield>
   <datafield ind1="8" ind2=" " tag="024">
      <subfield code="a">https://hdl.handle.net/20.500.12105/23765</subfield>
   </datafield>
   <datafield ind1="8" ind2=" " tag="024">
      <subfield code="a">37965661</subfield>
   </datafield>
   <datafield ind1="8" ind2=" " tag="024">
      <subfield code="a">10.3389/fpsyg.2023.1250636</subfield>
   </datafield>
   <datafield ind1="8" ind2=" " tag="024">
      <subfield code="a">Frontiers in psychology</subfield>
   </datafield>
   <datafield ind2="0" ind1="0" tag="245">
      <subfield code="a">Relationship of depression with empathy, emotional intelligence, and symptoms of a weakened immune system</subfield>
   </datafield>
</record></metadata></record></GetRecord></OAI-PMH>